Opotrebenie trakčných motorov na pohon elektrických vozidiel v železničnej prevádzke
Uložené v:
| Hlavný autor: | |
|---|---|
| Ďalší autori: | |
| Médium: | Rukopis Kniha |
| Jazyk: | Slovak |
| Vydavateľské údaje: |
2017
|
| Predmet: | |
| On-line prístup: | http://is.stuba.sk/zp/portal_zp.pl?podrobnosti=131095 |
| Tagy: |
Žiadne tagy, Buďte prvý, kto otaguje tento záznam!
|
MARC
| LEADER | 00000ntm a22000003a 4500 | ||
|---|---|---|---|
| 001 | stuzp56399 | ||
| 003 | SK-STU | ||
| 005 | 20170726130833.6 | ||
| 007 | ta | ||
| 008 | 150427s2015----xo-----f-mn---000-0-slo-d | ||
| 040 | |a STU |b slo | ||
| 041 | 0 | |a slo | |
| 044 | |a xo | ||
| 100 | 1 | |a Kumančík, Ján |u 032000 |4 aut |U FEI Fakulta elektrotechniky a informatiky |T FEI Ústav elektroenergetiky a aplikovanej elektrotechniky |X 47369 |U E020 |Y 548 |7 47369 | |
| 242 | 0 | 1 | |a Traction engine wear for drive of electric vehicles in railway operation |y eng |
| 245 | 1 | 0 | |a Opotrebenie trakčných motorov na pohon elektrických vozidiel v železničnej prevádzke |
| 260 | |c 2017 | ||
| 300 | |a 53 s. | ||
| 650 | 4 | |a diagnostika |2 slo | |
| 650 | 4 | |a trakčný motor |2 slo | |
| 650 | 4 | |a zvýšenie efektívnosti |2 slo | |
| 650 | 4 | |a traction engine |2 eng | |
| 650 | 4 | |a diagnostics |2 eng | |
| 650 | 4 | |a efficiency improvement |2 eng | |
| 700 | 1 | |a Janíček, František |u 032000 |k Z1 |4 ths |U FEI Fakulta elektrotechniky a informatiky |T FEI Ústav elektroenergetiky a aplikovanej elektrotechniky |X 1958 |U E020 |Y 548 |7 A000001958 | |
| 856 | 4 | |u http://is.stuba.sk/zp/portal_zp.pl?podrobnosti=131095 | |
| 996 | |b 284ER02436 |c E*Bc- 2436 |l EE32 |s P |a 0 |w stuzp56399_0001 | ||